Buraku kaihōrei no kenkyū /
Saved in:
| Main Author: | |
|---|---|
| Format: | Book |
| Language: | Japanese |
| Published: |
Ōsaka :
Kaihō Shuppansha,
1979.
|
| Subjects: | |
| Tags: |
Add Tag
No Tags, Be the first to tag this record!
|
| LEADER | 00958nam a2200277 a 4500 | ||
|---|---|---|---|
| 001 | 007740096-8 | ||
| 005 | 20024617121422.0 | ||
| 008 | 790327s1979 ja a b 001 0 jpn d | ||
| 010 | |a 79808388 | ||
| 035 | 0 | |a ocm33507662 | |
| 035 | 0 | |a ocm33507662 |z ocm23305143 | |
| 040 | |a *LWU* |b jpn |c *LWU* |d MiU |d IU |d *YNH* |d CStRLIN | ||
| 050 | 0 | 0 | |a HT725J3 |b K59 |
| 050 | 4 | |a HT725J3 |b K59 | |
| 100 | 1 | |6 880-01 |a Kobayashi, Shigeru, |d 1914- | |
| 245 | 1 | 0 | |6 880-02 |a Buraku kaihōrei no kenkyū / |c Kobayashi Shigeru cho. |
| 260 | |6 880-03 |a Ōsaka : |b Kaihō Shuppansha, |c 1979. | ||
| 300 | |a vi, 274 p. : |b ill. ; |c 22 cm. | ||
| 504 | |a Includes bibliographical references and index. | ||
| 650 | 0 | |a Buraku people |x History. | |
| 650 | 0 | |a Buraku people |x Legal status, laws, etc. |x History. | |
| 880 | 1 | |6 100-01 |a 小林茂, |d 1914- | |
| 880 | 1 | 0 | |6 245-02 |a 部落解放令の研究 / |c 小林茂著. |
| 880 | |6 260-03 |a 大阪 : |b 解放出版社, |c 1979. | ||
| 988 | |a 20021219 | ||
| 906 | |0 OCLC | ||


